<?xml version="1.0" encoding="UTF-8"?>
<record
    xmlns:xsi="http://www.w3.org/2001/XMLSchema-instance"
    xsi:schemaLocation="http://www.loc.gov/MARC21/slim http://www.loc.gov/standards/marcxml/schema/MARC21slim.xsd"
    xmlns="http://www.loc.gov/MARC21/slim">

  <leader>01671nam a2200289 i 4500</leader>
  <controlfield tag="001">000004152</controlfield>
  <controlfield tag="003">DO-SdBNP</controlfield>
  <controlfield tag="005">20251022101015.0</controlfield>
  <controlfield tag="006">a||||gr|||| 00| 0 </controlfield>
  <controlfield tag="007">ta</controlfield>
  <controlfield tag="008">090717e2000    dr adc fr     001 u spa d</controlfield>
  <datafield tag="040" ind1=" " ind2=" ">
    <subfield code="a">DO-SdBNP</subfield>
    <subfield code="b">spa</subfield>
    <subfield code="c">BNPHU</subfield>
    <subfield code="e">rda</subfield>
  </datafield>
  <datafield tag="082" ind1=" " ind2="4">
    <subfield code="a">336.091724</subfield>
    <subfield code="b">H117</subfield>
    <subfield code="2">22</subfield>
  </datafield>
  <datafield tag="110" ind1="1" ind2=" ">
    <subfield code="a">Rep&#xFA;blica Dominicana.</subfield>
    <subfield code="b">Secretar&#xED;a Estado de Finanzas.</subfield>
    <subfield code="9">12292</subfield>
  </datafield>
  <datafield tag="245" ind1="1" ind2="3">
    <subfield code="a">La hacienda p&#xFA;blica 1844-2000 :</subfield>
    <subfield code="b">cr&#xF3;nica hist&#xF3;rica de la Secretar&#xED;a de Estado de Finanzas.</subfield>
  </datafield>
  <datafield tag="264" ind1=" " ind2="4">
    <subfield code="a">Santo Domingo :</subfield>
    <subfield code="b">Tele 3,</subfield>
    <subfield code="c">2000.</subfield>
  </datafield>
  <datafield tag="300" ind1=" " ind2=" ">
    <subfield code="a">249 p&#xE1;ginas :</subfield>
    <subfield code="b">Ilustraciones., gr&#xE1;ficos, retratos  ;</subfield>
    <subfield code="c">31 cm.</subfield>
  </datafield>
  <datafield tag="336" ind1=" " ind2=" ">
    <subfield code="2">rdacontent</subfield>
    <subfield code="a">texto</subfield>
    <subfield code="b">txt</subfield>
  </datafield>
  <datafield tag="337" ind1=" " ind2=" ">
    <subfield code="2">rdamedia</subfield>
    <subfield code="a">sin mediaci&#xF3;n</subfield>
    <subfield code="b">n</subfield>
  </datafield>
  <datafield tag="338" ind1=" " ind2=" ">
    <subfield code="2">rdacarrier</subfield>
    <subfield code="a">volumen</subfield>
    <subfield code="b">nc</subfield>
  </datafield>
  <datafield tag="500" ind1=" " ind2=" ">
    <subfield code="a">Incluye Gobiernos y Secretarios de Estad de cartera.</subfield>
  </datafield>
  <datafield tag="504" ind1=" " ind2=" ">
    <subfield code="a">Bibliograf&#xED;a : p&#xE1;ginas 248- 249</subfield>
  </datafield>
  <datafield tag="505" ind1=" " ind2=" ">
    <subfield code="a">Presentaci&#xF3;n--</subfield>
    <subfield code="g">Cap&#xED;tulo 1--</subfield>
    <subfield code="t">Acorralada por la insolvencia, 1844-1849 -- </subfield>
    <subfield code="g">Cap&#xED;tulo 2--</subfield>
    <subfield code="t">La plaga de las emisiones, 1849-1881 -- </subfield>
    <subfield code="g">Cap&#xED;tulo 3--</subfield>
    <subfield code="t">Naufragio en un mar de pr&#xE9;stamos, 1882-1899 -- </subfield>
    <subfield code="g">Cap&#xED;tulo 4--</subfield>
    <subfield code="t">Hacia las cadenas de la dependencia, 1899-1915 -- </subfield>
    <subfield code="g">Cap&#xED;tulo 5--</subfield>
    <subfield code="t">Cambios en un pu&#xF1;o de hierro, 1916-1930 -- </subfield>
    <subfield code="g">Cap&#xED;tulo 6--</subfield>
    <subfield code="t">Rebosan las arcas... se afianza la tiran&#xED;a, 1930-1961 -- </subfield>
    <subfield code="g">Cap&#xED;tulo 7--</subfield>
    <subfield code="t">En los c&#xED;rculos de la incertidumbre, 1961-1966 -- </subfield>
    <subfield code="g">Cap&#xED;tulo 8--</subfield>
    <subfield code="t">Entre la austeridad y el descontrol, 1966-1996 -- </subfield>
    <subfield code="g">Cap&#xED;tulo 9--</subfield>
    <subfield code="t">Crecimiento con estabilidad, 1996-2000 --</subfield>
    <subfield code="t">Ap&#xE9;ndice--</subfield>
    <subfield code="t">Fuentes y Bibliograf&#xED;a General.</subfield>
  </datafield>
  <datafield tag="590" ind1=" " ind2=" ">
    <subfield code="a">Inventariado 2023 / MF</subfield>
  </datafield>
  <datafield tag="650" ind1=" " ind2="0">
    <subfield code="a">Finanzas p&#xFA;blicas</subfield>
    <subfield code="z">Republica Dominicana</subfield>
    <subfield code="x">Historia </subfield>
    <subfield code="y">1844-2000</subfield>
    <subfield code="9">32168</subfield>
  </datafield>
  <datafield tag="942" ind1=" " ind2=" ">
    <subfield code="2">ddc</subfield>
    <subfield code="c">LBS1</subfield>
  </datafield>
  <datafield tag="952" ind1=" " ind2=" ">
    <subfield code="0">0</subfield>
    <subfield code="1">0</subfield>
    <subfield code="2">ddc</subfield>
    <subfield code="5">1</subfield>
    <subfield code="7">0</subfield>
    <subfield code="8">PD</subfield>
    <subfield code="a">BNPHU</subfield>
    <subfield code="b">BNPHU</subfield>
    <subfield code="c">CT</subfield>
    <subfield code="d">2010-03-24</subfield>
    <subfield code="o">336.091724 H117</subfield>
    <subfield code="p">4152-10</subfield>
    <subfield code="r">2020-06-25</subfield>
    <subfield code="w">2020-06-25</subfield>
    <subfield code="y">LBS1</subfield>
  </datafield>
  <datafield tag="952" ind1=" " ind2=" ">
    <subfield code="0">0</subfield>
    <subfield code="1">0</subfield>
    <subfield code="2">ddc</subfield>
    <subfield code="5">1</subfield>
    <subfield code="7">0</subfield>
    <subfield code="8">PD</subfield>
    <subfield code="a">BNPHU</subfield>
    <subfield code="b">BNPHU</subfield>
    <subfield code="c">CT</subfield>
    <subfield code="d">2022-05-19</subfield>
    <subfield code="e">Donado por Ubi Rivas</subfield>
    <subfield code="l">0</subfield>
    <subfield code="o">336.091724 H117</subfield>
    <subfield code="p">2023-8424</subfield>
    <subfield code="r">2023-12-26</subfield>
    <subfield code="t">e.2</subfield>
    <subfield code="w">2023-12-26</subfield>
    <subfield code="y">LBS1</subfield>
  </datafield>
  <datafield tag="999" ind1=" " ind2=" ">
    <subfield code="c">3968</subfield>
    <subfield code="d">3968</subfield>
  </datafield>
</record>
